Red MS-Windows de la Escuela de Ingeniería Eléctrica

Đã lưu trong:
Chi tiết về thư mục
Tác giả chính: Palma Sagot, Orlando
Định dạng: Sách
Được phát hành: San José, C.R. 1997
Những chủ đề:
Các nhãn: Thêm thẻ
Không có thẻ, Là người đầu tiên thẻ bản ghi này!

MARC

LEADER 00000nam a2200000Ia 4500
003 008379
005 20221231144226.0
008 140114s1997 cr a m 000 ||s d
040 |c cru CEDI 
090 |a TFG 3782 
100 |a Palma Sagot, Orlando  |9 9190 
245 |a Red MS-Windows de la Escuela de Ingeniería Eléctrica 
260 |c 1997  |a San José, C.R.  
300 |a vii, 28 hojas : ilustraciones  
500 |a  Proyecto de graduación (bachiller)--Universidad de Costa Rica. Facultad de Ingeniería. Escuela de Ingeniería Eléctrica 
650 |x REDES DE COMPUTADORAS   |x MICROSOFT WINDOWS (PROGRAMAS PARA COMPUTADORA)   |x SISTEMAS OPERACIONALES (COMPUTADORA)  |9 9191 
942 |c TFG 
999 |c 18707  |d 18707